Cargando...
Lord Clive: the foundation of British rule in India
| Autor Principal: | |
|---|---|
| Formato: | Printed Book |
| Publicado: |
New Delhi, Deep&Deep
1988
|
| Subjects: |
| LEADER | 005320000a22001690004500 | ||
|---|---|---|---|
| 082 | |a 923.1 CLI M8 | ||
| 100 | |a Arbuthnot, Alexander John | ||
| 245 | |a Lord Clive: the foundation of British rule in India | ||
| 260 | |a New Delhi, Deep&Deep | ||
| 260 | |c 1988 | ||
| 465 | |a R 280 | ||
| 650 | |a Biography | ||
| 650 | |a British occupation,1765-1947 | ||
| 650 | |a History | ||
| 942 | |c BK | ||
| 999 | |c 947 |d 947 | ||
| 952 | |0 0 |1 0 |4 0 |6 923_100000000000000_CLI_M8 |7 0 |8 ENG |9 738 |a MGUL |b MGUL |d 2013-07-16 |e R 280 |l 0 |o 923.1 CLI M8 |p 06180 |r 2013-07-16 |w 2013-07-16 |y BK | ||